Normal view
MARC view
- Sandom, Carl
Entry Personal Name
001 - CONTROL NUMBER
- control field: 96294
003 - CONTROL NUMBER IDENTIFIER
- control field: NUST
005 - DATE AND TIME OF LATEST TRANSACTION
- control field: 20220802133246.0
008 - FIXED-LENGTH DATA ELEMENTS
- fixed length control field: 220802|| aca||aabn | a|a d
040 ## - CATALOGING SOURCE
- Original cataloging agency: NUST
- Transcribing agency: NUST
100 ## - HEADING--PERSONAL NAME
- Personal name: Sandom, Carl
670 ## - SOURCE DATA FOUND
- Source citation: Work cat.: (NUST)178431: Human factors for engineers, c2004.
